ਭੁੱਲੇ ਵਿਸਰੇ ਸੂਫ਼ੀਆੰ ਦਾ ਕਲਾਮ : (Record no. 70993)

MARC details
000 -LEADER
fixed length control field 01211nam a22002417a 4500
005 - DATE AND TIME OF LATEST TRANSACTION
control field 20130607124502.0
008 - FIXED-LENGTH DATA ELEMENTS--GENERAL INFORMATION
fixed length control field 090728t xxu||||| |||| 00| 0 pun d
010 ## - LCCN (DPL NO)
LC control number PUN-7432 B-494039-043
020 ## - INTERNATIONAL STANDARD BOOK NUMBER
Terms of availability 250.00
International Standard Book Number 9788178563022
035 ## - SYSTEM CONTROL NUMBER
System control number PN-6550 B-494039-043
037 ## - SOURCE OF ACQUISITION
Source of stock number/acquisition DBAD / PUB/Waris Shah Foundations
037 ## - SOURCE OF ACQUISITION
Source of stock number/acquisition BPPD/KKP
040 ## - CATALOGING SOURCE
Original cataloging agency dpl
Language of cataloging PN
082 ## - DEWEY DECIMAL CLASSIFICATION NUMBER
Classification number 851.08
245 ## - TITLE STATEMENT
Title ਭੁੱਲੇ ਵਿਸਰੇ ਸੂਫ਼ੀਆੰ ਦਾ ਕਲਾਮ :
Statement of responsibility, etc ਬਿਕਰਮ ਸਿੰਘ ਘੁੰਮਣ ਦ੍ਵਾਰਾ ਸੰਪਾਦਿਤ
Remainder of title ਸਿਧਾਂਤ,ਇਤਿਹਾਸ ਤੇ ਪ੍ਰਵਿਰਤੀਆਂ /
246 ## - VARYING FORM OF TITLE
Title proper/short title Bhule visre Sufian da kalam
Remainder of title ed by Bikram Singh Ghumman
260 ## - PUBLICATION, DISTRIBUTION, ETC. (IMPRINT)
Place of publication, distribution, etc Amritsar
Name of publisher, distributor, etc Waris Shah Foundations
Date of publication, distribution, etc 2012
270 ## - ADDRESS
City 42, Guru Teg Bahadur Nagar,
Address Amritsar (Pb)
Telephone number 0183-2450520
Postal code 143 002
300 ## - PHYSICAL DESCRIPTION
Extent 176ਪਂ;
Other physical details 21ਸੇਂਮੀ(ਸਜਿਲਦ)
700 ## - ADDED ENTRY--PERSONAL NAME
9 (RLIN) 52947
Personal name ਰਹਮਜਗਦੀਸ਼ ਸਿੰਘ
942 ## - ADDED ENTRY ELEMENTS (KOHA)
Source of classification or shelving scheme Dewey Decimal Classification
Item type Punjabi Bks
Classification part 851.08
Call number suffix ਭੁੱਲੇਵਿ
Holdings
Withdrawn status Lost status Source of classification or shelving scheme Damaged status Not for loan Collection code Home library Current library Date acquired Source of acquisition Cost, normal purchase price Total Checkouts Full call number Barcode Date last seen Copy number Cost, replacement price Koha item type
    Dewey Decimal Classification     Non-fiction Central Library Central Library 07/06/2013 BPPD/162/21.2.13/2963/8.3.13/13.3.13 250.00 1 851.08 ਭੁੱਲੇਵਿ B-494039 11/03/2021 1 250.00 Punjabi Bks
    Dewey Decimal Classification     Non-fiction D.B.Act.Division D.B.Act.Division 18/10/2012 DBAD / PUB 250.00   851.08 ਭੁੱਲੇਵਿ PN-6550 18/10/2012 1 250.00 Punjabi Bks
    Dewey Decimal Classification     Non-fiction Mobile Library Mobile Library 07/06/2013 BPPD/162/21.2.13/2963/8.3.13/13.3.13 250.00   851.08 ਭੁੱਲੇਵਿ B-494040 07/06/2013 1 250.00 Punjabi Bks
    Dewey Decimal Classification     Non-fiction Mobile Library Mobile Library 07/06/2013 BPPD/162/21.2.13/2963/8.3.13/13.3.13 250.00   851.08 ਭੁੱਲੇਵਿ B-494041 07/06/2013 1 250.00 Punjabi Bks
  Written-off vide DLB M. No. 383 dt 16.05.19 Dewey Decimal Classification     Non-fiction Sriniwas Puri Sriniwas Puri 07/06/2013 BPPD/162/21.2.13/2963/8.3.13/13.3.13 250.00   851.08 ਭੁੱਲੇਵਿ B-494043 07/06/2013 1 250.00 Punjabi Bks
  Written-off vide DLB M. No. 383 dt 16.05.19 Dewey Decimal Classification     Non-fiction Tri Nagar Tri Nagar 07/06/2013 BPPD/162/21.2.13/2963/8.3.13/13.3.13 250.00   851.08 ਭੁੱਲੇਵਿ B-494042 07/06/2013 1 250.00 Punjabi Bks

© Delhi Public Library
Hit Counter
free hit counter